|
|
|
|
| LEADER |
00000nam a2200000 a 4500 |
| 001 |
vtls008332801 |
| 003 |
SK-MaSNL |
| 005 |
20260302003747.0 |
| 008 |
240509s1973 xo 000 slo |
| 015 |
|
|
|a SKSNBA1973/11-02616
|
| 035 |
|
|
|a SK01SNK19730025018
|
| 035 |
|
|
|a SKM000027481
|
| 040 |
|
|
|a SNK
|b slo
|c SNK
|e AACR2
|
| 041 |
0 |
|
|a slo
|
| 044 |
|
|
|a xo
|c SK
|
| 080 |
|
|
|a 339(075.8)
|2 1981
|
| 100 |
1 |
|
|a Rendoš, Ladislav,
|d 1924-1992
|4 aut
|9 151265
|
| 245 |
1 |
0 |
|a Odberateľsko-dodávateľské vzťahy
|b ... učeb. pomôcka pre internú potrebu posl. VŠE
|c autori: L. Rendoš, M. Janeček
|
| 260 |
|
|
|a Bratislava
|b Vysoká škola ekonomická
|c 1973
|
| 300 |
|
|
|a 110 s.
|c 4°
|
| 490 |
1 |
|
|a Vysokoškolské skriptá
|
| 500 |
|
|
|a Pozn. Odkazy na lit. Tb. Vysvetl. Schémy
|
| 563 |
|
|
|a 200 výtl.
|
| 650 |
0 |
7 |
|a obchod
|x vzťahy odberateľsko-dodávateľské
|2 SNK
|9 642894
|
| 650 |
0 |
7 |
|a vzťahy odberateľsko-dodávateľské
|2 SNK
|9 642895
|
| 655 |
|
7 |
|a Textbooks (higher)
|2 SNKPHeng
|9 276436
|
| 655 |
|
7 |
|a učebnice vysokých škôl
|2 SNKPH
|9 70191
|
| 655 |
|
7 |
|a učebnice
|2 SNKPH
|9 22521
|
| 700 |
1 |
|
|a Janeček, Milan,
|d 1923-1997
|4 aut
|9 42009
|
| 830 |
|
0 |
|a Vysokoškolské skriptá
|9 276440
|
| 852 |
|
|
|a Slovenská národná knižnica v Martine
|b 10000
|h SB 20047
|
| 852 |
|
|
|a Slovenská národná knižnica v Martine
|b 10000
|h SB 20047 D1
|
| 958 |
|
|
|a OND
|
| 958 |
|
|
|a UV
|
| 958 |
|
|
|a RM
|
| 958 |
|
|
|a RK
|
| 958 |
|
|
|a NB
|
| 999 |
|
|
|c 993232
|d 995162
|
| 952 |
|
|
|a SNK
|b SNK
|y PREZ
|7 0
|p 17A0899481
|o snkSB 20047
|0 0
|1 0
|4 0
|d 2012-07-24
|f 1
|l 0
|r 2025-03-25 00:00:00
|w 2026-02-24
|
| 952 |
|
|
|a SNK
|b SNK
|y VYP
|7 0
|p 17A0597346
|o snkSB 20047 D1
|i snkKSP 7420/73
|0 0
|1 0
|4 0
|d 2008-09-04
|l 0
|r 2026-02-24 11:55:39
|w 2026-02-24
|